Poesías

Uloženo v:
Podrobná bibliografie
Hlavní autor: Walker Martínez, Carlos (Autor)
Médium: Kniha
Jazyk:španělština
Vydáno: Santiago Imprenta Roma 1894
Vydání:1a. ed
Témata:
Tagy: Přidat tag
Žádné tagy, Buďte první, kdo vytvoří štítek k tomuto záznamu!

MARC

LEADER 00000nam a2200000 a 4500
001 UCJ3312
003 CL-VaPUC
008 070124e18940000CL |||||||||||||||||spa|d
082 0 4 |a Ch861  |b WAL  |2 21 
100 0 |a Walker Martínez, Carlos  |e author  |9 438546 
245 1 0 |a Poesías 
250 |a 1a. ed 
300 |a 461 p 
942 |c BK 
945 |d 20070124 00:00:00  |a rinostro 
260 |a Santiago  |b Imprenta Roma  |c 1894 
650 0 |a Poesía chilena   |9 268403 
583 |a last modification  |c 20070124 00:00:00  |k Rodrigo Vera 
999 |c 319434  |d 319432 
952 |0 0  |1 0  |4 0  |6 CH_861_000000000000000_WAL_1894  |7 0  |8 X  |9 397756  |a FDOBUD  |b FDOBUD  |d 2019-11-22  |i 1002147  |o Ch861 WAL 1894  |p 1002147  |r 2019-11-22  |w 2019-11-22  |y BK_X  |k BUD